Logo BPK

Biblioteka

Politechniki Koszalińskiej

Boundary elements in dynamics / (Rekord nr 30698)

Szczegóły MARC
000 -ETYKIETA REKORDU
podpole kontrolne o stałej długości 01271nam a2200301 i 4500
001 - NUMER KONTROLNY REKORDU
pole kontrolne bg
020 ## - MIĘDZYNARODOWY ZNORMALIZOWANY NUMER KSIĄŻKI - ISBN
ISBN 1858610214 (Elsevier Applied Science, London, New York)
020 ## - MIĘDZYNARODOWY ZNORMALIZOWANY NUMER KSIĄŻKI - ISBN
ISBN 1853122580 (Computational Mechanics Publication, Southampton)
020 ## - MIĘDZYNARODOWY ZNORMALIZOWANY NUMER KSIĄŻKI - ISBN
ISBN 1562521829 (Computational Mechanics Publication, Boston)
040 ## - ŹRÓDŁO KATALOGOWANIA
Instytucja, która utworzyła rekord BPK
041 0# - KOD JĘZYKA
Kod języka tekstu en
080 ## - UNIWERSALNA KLASYFIKACJA DZIESIĘTNA - UKD
UKD 519.61/.65:539.3/.6
920 ## - Międzynarodowy znormalizowany numer książki – ISBN
ISBN 1-85861-021-4 (Elsevier Applied Science, London, New York)
920 ## - Międzynarodowy znormalizowany numer książki – ISBN
ISBN 1-85312-258-0 (Computational Mechanics Publication, Southampton)
920 ## - Międzynarodowy znormalizowany numer książki – ISBN
ISBN 1-56252-182-9 (Computational Mechanics Publication, Boston)
008 - POLE O STAŁEJ DŁUGOŚCI - DANE KONTROLNE
podpole kontrolne o stałej długości s pl f |000 0 pol
100 1# - NAZWA OSOBOWA
Nazwa osobowa DOMINGUEZ, J.
245 10 - TYTUŁ/ODPOWIEDZIALNOŚĆ
Tytuł Boundary elements in dynamics /
Pozostałe elementy strefy tytułu i oznaczenia odpowiedzialności J. Dominguez.
260 ## - STREFA ADRESU WYDAWNICZEGO
Miejsce wydania Southampton [et al.] :
Nazwa wydawcy/dystrybutora Computational Mechanics Publication :
-- Elsevier Applied Science,
Data publikacji, dystrybucji/powstania dokumentu 1993.
300 ## - STREFA OPISU FIZYCZNEGO
Objętość [16], 707 s. :
Inne cechy fizyczne wykr. ;
Rozmiary 25 cm.
490 1# - STREFA SERII I DOKUMENTU WIELOCZĘŚCIOWEGO - FORMA NIE DO WYSZUKIWANIA
Tytuł i oznaczenie odpowiedzialności serii International Series on Computational Engineering
504 ## - UWAGA DOTYCZĄCA BIBLIOGRAFII
Informacje o bibliografii Bibliogr. przy rozdz. - Indeksy.
650 #9 - HASŁO PRZEDMIOTOWE W FORMIE NAZWY OGÓLNEJ LUB JEDNOSTKOWEJ
Nazwa ogólna lub geograficzna Analiza numeryczna
Określnik ogólny stosowanie
-- mechanika
650 #9 - HASŁO PRZEDMIOTOWE W FORMIE NAZWY OGÓLNEJ LUB JEDNOSTKOWEJ
Nazwa ogólna lub geograficzna Metoda elementów skończonych
Określnik ogólny stosowanie
-- technika
650 #9 - HASŁO PRZEDMIOTOWE W FORMIE NAZWY OGÓLNEJ LUB JEDNOSTKOWEJ
Nazwa ogólna lub geograficzna Dynamika
Określnik ogólny zagadnienia
830 ## - HASŁO DODATKOWE SERII LUB DOKUMENTU WIELOCZĘŚCIOWEGO - TYTUŁ UJEDNOLICONY
Tytuł ujednolicony International Series on Computational Engineering
856 ## - LOKALIZACJA I DOSTĘP DO ELEKTRONICZNYCH DOKUMENTÓW ZDALNYCH
Link (URL) http://koha.tu.koszalin.pl/cgi-bin/koha/opac-detail.pl?biblionumber=30698
Tekst linku Katalog online BPK
942 ## - DODATKOWE ELEMENTY (KOHA)
Typ dokumentu Książka
Egzemplarze
Wycofany Status egzemplarza Uszkodzony Dostępność Lokalizacja stała Lokalizacja bieżąca Miejsce przechowywania Sygnatura Kod kreskowy Typ dokumentu
      Dostępny Biblioteka Politechniki Koszalińskiej Biblioteka Politechniki Koszalińskiej Wypożyczalnia BG 37541 01199581 Książka
© 2023 Biblioteka Politechniki Koszalińskiej :: KOHA